Регионална библиотека "Любен Каравелов" - Русе

Управленска диагностика (Запис номер 11803)

MARC детайли
000 -Лидер
Контролно поле с фиксирана дължина 02059nam a2200361 c 4500
003 - Код на организацията, давaща контролен номер
Контролно поле BLK
005 - Дата и час на последна редакция
Контролно поле 20200311091306.0
008 - Елементи от данни с фиксирана дължина
fixed length control field 180412b bul|||||r ||||||| ||bul||
010 ## - Наследен системен номер
LC control number KNG00013365000
040 ## - Източник на каталожния запис
Идентификатор на билиотеката - собственик на записа BLK
041 ## - Код за език
Код за езика на текст/звукозапис или на отделно заглавие Български
Код за езика КДБФ Български
080 ## - УДК
Текстов определител УДК Управление на предприятията. Организация на производството, търговията, транспорта и съобщенията. Полиграфическа промишленост и издателско дело
УДК код - определител по УДК 005
УДК определител .012(075.8)
УДК - код + определител 005.012(075.8)
080 ## - УДК
Текстов определител УДК Форми на предприятията в зависимост от отношението към собствеността...
УДК код - определител по УДК 334.72
УДК определител .008(075.8)
УДК - код + определител 334.72.008(075.8)
100 1# - Редна дума - Автор
Автор Каменов, Камен Цветанов
Авторска отговорност първи автор
R(LIN) 363637
139 ## - Редно поле
Редна дума Каменов, Камен Цветанов и др.
Авторски знак Камен - К 23
245 10 - Сведения за заглавието
Заглавие Управленска диагностика
Подзаглавни данни [Учебник за студентите от Стоп. акад. Д. А. Ценов - Свищов]
Редно поле (дума) Камен Цветанов Каменов; съавт. Стайко Белоконски.
257 ## - Страна на издаване
Страна на създаване/издаване България
260 ## - Област на издателските данни
Име на издателя, разпространителя и проч. Акад. изд. Д. А. Ценов
Година на издаване 1995
300 ## - Физическа характеристика
Страници 130 с.
Илюстрации и др. със сх., табл.
Размери/Мащаб 23 см
380 ## - Жанр
Жанр Общ отдел
500 ## - Общи забележки
Забележка Изд. на Стоп. акад. Д. А. Ценов - Свищов ; 500 тир
650 #4 - Допълнително описание по предмет – тема
Основно описание – тема или топоним Фирми - управление - учебници за ВУЗ
9 (RLIN) 243009
650 #4 - Допълнително описание по предмет – тема
Основно описание – тема или топоним Управление - фирми - учебници за ВУЗ
9 (RLIN) 243008
650 #4 - Допълнително описание по предмет – тема
Основно описание – тема или топоним Ръководител - стил и методи на работа - учебници за ВУЗ
9 (RLIN) 256886
650 #4 - Допълнително описание по предмет – тема
Основно описание – тема или топоним Управленски труд - учебници за ВУЗ
9 (RLIN) 243011
653 ## - Ключова дума – ненормативна
Ключова дума диагностика
700 1# - Други автори (авторска отговорност)
Лично име Белоконски, Стайко
Автороска отговорност (Описва отношението между автора и произведението) съавт.
9 (RLIN) 256885
852 ## - Местоположение
Форматна сигнатура Цб 189633
856 4# - Електронен адрес и достъп
Електронен формат pdf - файл
Път до файла /url/
856 4# - Електронен адрес и достъп
Електронен формат pdf - файл
Път до файла /url/
999 ## - СИСТЕМНИ КОНТРОЛНИ НОМЕРА
Koha biblionumber 11803
Koha biblioitemnumber 11803
942 ## - АРТИКУЛИ
Вид на библиотечния материал Книги
Скрит в OPAC Не
Периодичен библиозапис Да
944 ## - СЪЗДАВАНЕ И РЕДАКЦИЯ на ЗАПИСА
Създаване/Редакция Създаване
Дата на регистрацията/редакция 15.01.2003
Служител, извършил регистрацията/редакцията Ренета_Константинова
944 ## - СЪЗДАВАНЕ И РЕДАКЦИЯ на ЗАПИСА
Създаване/Редакция Редакция
Дата на регистрацията/редакция 04.11.2014
999 ## - СИСТЕМНИ КОНТРОЛНИ НОМЕРА
Koha biblioitemnumber 11803
Наличности
Код за отписване Код за изгубен артикул Източник на класификационната схема Код за повреда Коз за рестрикции Код за отдаване Артикулен № Име на библиотеката - собственик Име на библиотеката, в която се намира в момента Статус (Текущо местоположение) Дата на вписване в системата Местоположение - отдел Цена в лева Инвентарен номер Систематично азбучна сигнатура Баркод Номер на екземпляра Цена в евро Служебен тип на артикула Служебна бележка
  Не е изгубен Universal Decimal Classification Не е повреден без рестрикции ползва се в читалня 20475 Регионална библиотека "Любен Каравелов" Русе Регионална библиотека "Любен Каравелов" Русе Хранилище 2001-01-01 Хранилище 1.17 625480 Цб 189633 120000625480 1 0.60 Книги  
  Не е изгубен Universal Decimal Classification Не е повреден без рестрикции заемане за дома 20476 Регионална библиотека "Любен Каравелов" Русе Регионална библиотека "Любен Каравелов" Русе Заемна - подръчен фонд 2001-01-01 Заемна - подръчен фонд 2.90 637890 005.5/К 23 120000637890 2 1.48 Книги Дата инв: 06.02.2018 Бележки инв: П2018
Vip Innovations Ltd, Rousse, Bulgaria 2025